04520cam a22003735a 4500999001700000001000900017005001700026008004100043010001700084020001800101035002400119040013300143043001200276082002600288245011300314260007400427300003400501500005400535500002400589504003100613505118400644520150501828650004903333651005303382651006703435653003703502700003603539856010603575856009103681856009203772942000803864952013703872952013704009 c22511d224831866718920190214132346.0150620t2014 ua a frb 001 0 eng d a 2015413212 a9789774166587 a(OCoLC)ocn900151583 aMEAUCbengcMEAUCdMEAUCdBTCTAdYDXCPdBDXdUKMGBdDEBBGdOCLCFdCOOdUABdOCLCOdMUUdOCLCOdMUUdCDXdDLCdEG-ScBUEdEG-ScBUE ama-----04a306.09174927bARA22200aArab human development in the twenty-first century :bthe primacy of empowerment /cedited by Bahgat Korany. aCairo ;aNew York :bThe American University in Cairo Press,cc.2014. axxii, 394 p. :bill. ;c24 cm a"An AUC Forum for International Affairs edition". aIndex : p. 379-394. aBibliography : p. 353-378.0 aPart 1: Toward the Twenty-first Century -- Redefining Development for a New Generation: A Political Economy Analysis / Bahgat Korany -- Part 2: Empowerment Begins at the Top -- Introduction to Part 2 / Bahgat Korany -- From the Law of the Ruler to the Rule of Law / Mhamed Malki -- Transforming the Media: From Tool of the Rulers to Tool of Empowerment / Lina Khatib -- Fighting Corruption: From Missing Link to Development Priority / Mustafa Yousef Khawaja -- Part 3: Supporting Empowerment Processes -- Introduction to Part 3 / Bahgat Korany -- Ending Persistent Poverty: Pathways to Reform and Empowerment / Sabria Al-Thawr -- A New Approach for Managing Conflicts / Louisa Dris-Ait Hamadouche -- Urbanization, Climate Change, and the Environment / Zeyad Makhamreh -- Part 4: Rooting Empowerment in Identity -- Introduction to Part 4 / Bahgat Korany -- The Role of Education in Individual and Sustainable Development / Najoua Fezzaa Ghriss -- The Formation of Religious Leaders and Impact of Enlightened Imams / Baqer S. Alnajjar -- Part 5: A New History in the Making? -- The Birth Pangs of Transitioning from Authoritarianism: The Long Spring of Empowerment / Bahgat Korany. aWith its emphasis on the primacy of change, this study arrives at a particularly auspicious moment, as the Middle East continues to be convulsed by the greatest upheavals in generations, which have come to be known as the Arab Spring. Originally prepared as the tenth-anniversary volume of the UNDP's Arab Human Development Report, Arab Human Development in the Twenty-first Century places empowerment at the center of human development in the Arab world, viewing it not only from the vantage point of a more equitable distribution of economic resources but also of fundamental legal, educational, and political reform. The ten chapters in this book follow closely this political economy framework. They look back at what Arab countries have achieved since the early 2000s and forward to what remains to be done to reach full development. Supported by a wealth of statistical material, they cover the rule of law, the evolution of media, the persistence of corruption, the draining of resources through armed conflict, the dominance and increase of poverty, the environment, and religious education. The concluding chapter attempts an inventory of the world literature and different experiences on democratic transition to explore where the region could be heading. This critical and timely study is indispensable reading to development specialists and to Middle East scholars and students alike, as well as to anyone with an interest in the future trajectory of the region. --Provided by publisher. 7aSocial changezArab countries.2BUEsh941437 7aArab countriesxSocial conditions.2BUEsh912497 7aArab countriesxSocial conditionsy20th century.2BUEsh941998 bBUSBOLcOctober2016cJanuary20191 aKorany, Bahgat,eeditor.932081423Contributor biographical informationuhttp://www.loc.gov/catdir/enhancements/fy1604/2015413212-b.html423Publisher descriptionuhttp://www.loc.gov/catdir/enhancements/fy1604/2015413212-d.html413Table of contents onlyuhttp://www.loc.gov/catdir/enhancements/fy1604/2015413212-t.html 2ddc 00102ddc40708AUCaMAINbMAINc1STd2016-10-11ePurchaseg240.00l0o306.09174927 ARAp000033982r2025-07-15 00:00:00v300.00yBB 00102ddc40708AUCaMAINbMAINc1STd2019-02-14ePurchaseg240.00l0o306.09174927 ARAp000044267r2021-08-18 00:00:00v300.00yBB